Cuadernos Metodológicos. La opción de los métodos de comparación constante para la psicología /

Guardat en:
Dades bibliogràfiques
Autor principal: Aguilar Freyan, Wendy
Altres autors: Monge López, David, Pérez Sánchez, Rolando, Víquez Calderón, David
Format: Desconegut
Idioma:Spanish
Publicat: Costa Rica :
Col·lecció:Serie Cuadernos Metodológicos No. 4
Matèries:
Etiquetes: Afegir etiqueta
Sense etiquetes, Sigues el primer a etiquetar aquest registre!

MARC

LEADER 00000 a2200000 04500
001 45216
003
008 050630s2008 cr spa d
040 |a  ## 
020 |a ISSN 1659-2921  
090 |a CE18.03.01 A283c  
100 |a Aguilar Freyan, Wendy  
245 |a Cuadernos Metodológicos.  |b La opción de los métodos de comparación constante para la psicología /  |c Wendy Aguilar Freyan ; David Monge López ; Rolando Pérez Sánchez ; David Víquez Calderón 
260 |a Costa Rica :  
300 |a 65 páginas; CD-ROM  
440 |a Serie Cuadernos Metodológicos No. 4  
500 |a Por la Universidad de Costa Rica. Instituto de Investigaciones Psicológicas 
650 |a METODOS DE INVESTIGACION  
650 |a INVESTIGACION SOCIAL  
650 |a RECOPILACION DE DATOS  
650 |a INVESTIGACION PARTICPATIVA  
700 |a Monge López, David  
700 |a Pérez Sánchez, Rolando  
700 |a Víquez Calderón, David  
999 |c 18535  |d 18535